Prix d'entraîneur de l'année FIFA (2010-2015) - Statistiques

Statistiques générales
  • Ce quiz a été pris 89 fois
  • Le résultat moyen est 4 sur 6
Statistiques - réponses
Année Clubs ANSWER % Correct
2011 FC Barcelone Pep Guardiola
100%
2015 FC Barcelone Luis Enrique
91%
2010 Inter Milan|Real Madrid José Mourinho
90%
2014 Allemagne Joachim Löw
76%
2012 Espagne Vicente del Bosque
49%
2013 Bayern Munich Jupp Heynckes
24%
Aucun quiz correspondant
Distribution des résultats
% des personnes avec chaque résultat
Percentile par nombre de réponses
Votre historique - résultats
Vous n’avez pas pris ce quiz